Szocializáció és fiatalkori bűnözés
Elmentve itt :
| Szerző: | |
|---|---|
| További közreműködők: | |
| Dokumentumtípus: | Szakdolgozat |
| Megjelent: |
1985
|
| Tárgyszavak: | |
| Online Access: | http://diploma.bibl.u-szeged.hu/55424 |
| LEADER | 00555nta a2200157 i 4500 | ||
|---|---|---|---|
| 001 | dipl55424 | ||
| 005 | 20160204154338.0 | ||
| 008 | 160204s1985 hu om 0|| hun d | ||
| 040 | |a SZTE Diploma Repozitórium |b hun | ||
| 041 | |a hun | ||
| 100 | 1 | |a Póczos Tibor | |
| 245 | 1 | 0 | |a Szocializáció és fiatalkori bűnözés |h [elektronikus dokumentum] / |c Tibor Póczos |
| 260 | |c 1985 | ||
| 650 | 4 | |a Bölcsészettudományok | |
| 700 | 2 | |a Csirikné Dr. Czachesz Erzsébet |e ths | |
| 856 | 4 | 0 | |u http://diploma.bibl.u-szeged.hu/id/eprint/55424/1/1985_poczos_tibor.pdf |z Dokumentum-elérés |